书目信息 |
| 题名: |
焚身以火
|
|
| 作者: | 弗里德曼 著 ;高冀蒙 译 | |
| 分册: | ||
| 出版信息: | 广州 广东人民出版社 2024 |
|
| 页数: | 253页 | |
| 开本: | 21cm | |
| 丛书名: | 万有引力书系 | |
| 单 册: | ||
| 中图分类: | K370.06 | |
| 科图分类: | ||
| 主题词: | 第四次中东战争(1973)--史料 | |
| 电子资源: | ||
| ISBN: | 978-7-218-16795-4 | |
| 000 | 01338nam 2200277 450 | |
| 001 | 012024000236 | |
| 005 | 20240924225237.0 | |
| 010 | @a978-7-218-16795-4@b精装@dCNY78.00 | |
| 100 | @a20240924d2024 em y0chiy50 ea | |
| 101 | 1 | @achi@ceng |
| 102 | @aCN@b440000 | |
| 105 | @aa z 000yy | |
| 106 | @ar | |
| 200 | 1 | @a焚身以火@Afen shen yi huo@e第四次中东战争与莱昂纳德·科恩的救赎@dWho by fire@eLeonard Cohen in the Sinai@f(以)马蒂·弗里德曼(Matti Friedman)著@g高冀蒙译@zeng |
| 210 | @a广州@c广东人民出版社@d2024 | |
| 215 | @a253页@c照片,图@d21cm | |
| 225 | 2 | @a万有引力书系 |
| 330 | @a本书是一部非虚构作品,讲述了著名犹太音乐人、诗人莱昂纳德·科恩在第四次中东战争前线,通过音乐安抚以色列年轻士兵的真实故事。1973年10月初,埃及和叙利亚突然的军事行动让以色列陷入困境,前线士兵一片慌乱。科恩和一群当地音乐家出现在前线战场,用歌声慰藉和鼓舞了这群年轻的以色列士兵。这是一段赎罪日战争中的小插曲,它的演奏者是一位伟大的犹太音乐人和一个新生的犹太国家。 | |
| 410 | 0 | @12001 @a万有引力书系 |
| 510 | 1 | @aWho by fire@eLeonard Cohen in the Sinai@zeng |
| 606 | 0 | @a第四次中东战争(1973)@j史料 |
| 690 | @aK370.06@v5 | |
| 701 | 0 | @c(以)@a弗里德曼@Afu li de man@c(Friedman, Matti)@4著 |
| 702 | 0 | @a高冀蒙@Agao ji meng@4译 |
| 801 | 0 | @aCN@bAHXH@c20240924 |
| 905 | @b214138654@b214138663@b214138672@b214138681@b214138690@dK370.06@e12@f5 | |
| 焚身以火:第四次中东战争与莱昂纳德·科恩的救赎=Who by fire:Leonard Cohen in the Sinai/(以)马蒂·弗里德曼(Matti Friedman)著/高冀蒙译.-广州:广东人民出版社,2024 |
| 253页:照片,图;21cm.-(万有引力书系) |
| ISBN 978-7-218-16795-4(精装):CNY78.00 |
| 本书是一部非虚构作品,讲述了著名犹太音乐人、诗人莱昂纳德·科恩在第四次中东战争前线,通过音乐安抚以色列年轻士兵的真实故事。1973年10月初,埃及和叙利亚突然的军事行动让以色列陷入困境,前线士兵一片慌乱。科恩和一群当地音乐家出现在前线战场,用歌声慰藉和鼓舞了这群年轻的以色列士兵。这是一段赎罪日战争中的小插曲,它的演奏者是一位伟大的犹太音乐人和一个新生的犹太国家。 |
| ● |
| 相关链接 |
|
|
|
|
正题名:焚身以火
索取号:K370.06/12
 
预约/预借
| 序号 | 登录号 | 条形码 | 馆藏地/架位号 | 状态 | 备注 |
| 1 | 1413865 | 214138654 | 第二样本阅览室/ [索取号:K370.06/12] | 在馆 | |
| 2 | 1413866 | 214138663 | 第二借阅区/ [索取号:K370.06/12] | 在馆 | |
| 3 | 1413867 | 214138672 | 第二借阅区/ [索取号:K370.06/12] | 在馆 | |
| 4 | 1413868 | 214138681 | 第二借阅区/ [索取号:K370.06/12] | 在馆 | |
| 5 | 1413869 | 214138690 | 第二借阅区/ [索取号:K370.06/12] | 在馆 |